| 000 | 00646nam a2200193 i 4500 | ||
|---|---|---|---|
| 001 | 141071 | ||
| 003 | ES-MaACL | ||
| 005 | 20230906200221.0 | ||
| 007 | t| | ||
| 008 | 070919s1963 sp |||| | spa d | ||
| 100 | 1 |
_aEl Masry, Youssef. _946901 |
|
| 245 | 1 | 0 |
_aDrama sexual de la mujer árabe / _cYoussef El Masry ; traducido al castellano por Montserrat Carvera ; prólogo José Toro]. |
| 260 |
_aBarcelona : _bFontanella, _c1963. |
||
| 300 |
_a189 p. ; _c19 cm. |
||
| 650 | 1 | 4 |
_aMujeres- _xConducta sexual- _zPaíses árabes. _9168657 |
| 700 | 1 |
_aCervera, Montserrat. _937633 |
|
| 700 | 1 |
_aToro, Josep. _9110681 |
|
| 852 |
_aES-MaACL _jC-25111 |
||
| 999 |
_c141071 _d141071 |
||